|
|
|
|
| LEADER |
01102nam a2200301 a 4500 |
| 001 |
3684257 |
| 008 |
120909s1978 maua b 001 0 eng d |
| 999 |
|
|
|c 12804
|d 12804
|
| 010 |
|
|
|a 78060990
|
| 020 |
|
|
|a 9780262680424
|
| 020 |
|
|
|a 0262180863
|
| 040 |
|
|
|a DLC
|c DLC
|d DLC
|d BD-DhAAL
|
| 082 |
0 |
0 |
|a 711/.4
|
| 100 |
1 |
|
|a Rowe, Colin.
|9 32468
|
| 245 |
1 |
0 |
|a Collage city /
|c Colin Rowe & Fred Koetter.
|
| 260 |
|
|
|a Cambridge, Mass. :
|b MIT Press,
|c [1978]
|
| 300 |
|
|
|a 185 p. :
|b ill. ;
|c 31 cm.
|
| 504 |
|
|
|a Includes bibliographical references and indexes.
|
| 526 |
|
|
|a ARC
|
| 541 |
|
|
|a 00025908
|
| 650 |
|
0 |
|a City planning.
|9 32469
|
| 650 |
|
0 |
|a Functionalism (Architecture)
|9 32470
|
| 650 |
|
0 |
|a Eclecticism in architecture.
|9 32471
|
| 650 |
|
0 |
|a Architecture, Modern
|y 20th century.
|9 32472
|
| 700 |
1 |
|
|a Koetter, Fred,
|e joint author.
|9 32473
|
| 852 |
1 |
|
|a Ayesha Abed Library
|j General shelf
|
| 942 |
|
|
|2 ddc
|c BK
|
| 952 |
|
|
|0 0
|1 0
|4 0
|6 711_400000000000000_ROW
|7 0
|9 21077
|a BRACUL
|b BRACUL
|c GEN
|d 2012-09-09
|e Karim International
|g 2160.00
|l 5
|m 42
|o 711.4 ROW
|p 3010025908
|r 2025-02-17
|s 2025-02-10
|t 1
|w 2012-09-09
|y BK
|